00981nam a2200217 a 45000010008000000030009000080050017000170070003000340080041000370200018000780400025000960820020001211000033001412450038001742600036002123000020002485000058002685050386003266500024007126500027007360000187DO-SdBNP20240412074248.0ta100514t2010 dr 001 p spa d a9789945427967 aDO-SdBNPbspacBNPHU 4aRD861.44bT266u1 aTejeda Read, Ramón,d1954-10aUasdianas /cRamón Tejeda Read. aSanto Domingo :bBúho,c2010. a88 p. ;c22 cm. aIncluye datos biográficos del autor en las solapas.0 aUasdiana primera. Rapsodia -- Uasdiana de Pedro -- Uasdiana tercera. Imágenes de los setenta -- Uasdiana cuarta. El Che de Korda (A cuarenta años de la muerte del Che -- Uasdiana quinta. Desde lo profundo -- Uasdiana sexta. Constelación de nubes -- Uasdiana séptima. Juventud -- Uasdiana octava. Treinticinco años -- Uasdiana novena. Árbol -- Uasdiana última. BacKup.14aPoesía dominicana10aLiteratura dominicana.